000
00309nam a22001217a 4500
041
_a
ENG
100
_a
Upadshyay.A.S
245
_a
Handbook On Design Construction And Equipnents In Coastal Aguacuture
260
_a
Bombay
_b
Allied Pub
_c
1994
300
_a
112
650
_a
SWCE ( 06 )
856
_u
SWCE ( 06 )
999
_c
2946
_d
2946